20 Questions de Culture Générale - 3 - Statistiques

Statistiques générales
  • Ce quiz a été pris 92 fois
  • Le résultat moyen est 7 sur 20
Statistiques - réponses
Description Réponse % Correct
Les moustiques et les éléphants en possèdent une. Trompe
91%
Prince occupant depuis 2022 la première place dans l’ordre de succession à la Couronne Britannique. William
71%
Album de Michael Jackson connu pour être le plus vendu de tous les temps. Thriller
68%
En comportement animal, terme désignant un animal actif de jour, en opposition au terme nocturne. Diurne
63%
Film d’animation de 2015 nous racontant le passage à l’adolescence d’une jeune fille nommée Riley, et les conflits émotionnels internes que cette transition engendre. Vice-Versa
56%
Mot désignant l'ensemble des organes reproducteurs femelles des fleurs. Pistil
50%
Empereur romain du IIème siècle dont le nom évoque aussi un meuble d’intérieur. Commode
45%
Au rugby, terme désignant une rencontre entre le XV de la Rose et le XV de France. Crunch
40%
Insecte principal vecteur de la peste depuis le rat vers l’Homme. La puce
38%
Entreprise américaine connue pour le jeu-vidéo «League of Legends» et pour la série d’animation Netflix «Arcane». Riot Games
35%
Espèce de plante dont les racines permettent la production d’arômes utiles à la fabrication de bonbons du même nom. Réglisse
33%
Personnage historique dont la potentielle vie de jeune artiste à Vienne est imaginée dans le roman « La Part de l’autre » de Schmitt. Adolf Hitler
29%
Premier joueur de basketball français de l’Histoire à être sélectionné en première position lors d’une draft NBA. Victor Wembanyama
29%
Seul pays dont le drapeau est paré d’une AK-47. Mozambique
28%
Liqueur d’orange dont le nom est tiré d’une île antillaise. Curaçao
23%
Élément de numéro atomique 6 sur le tableau périodique des éléments. Carbone
18%
Chandelier à 7 branches étant le symbole le plus ancien et important du judaïsme. Menorah
17%
Petite constellation représentée sur les drapeaux du Brésil, de l’Australie ou encore de la Nouvelle Zélande. La croix du sud
9%
Deuxième langue la plus parlée en Chine avec près de 80 millions de locuteurs, principalement dans la région de Shanghai. Le wu
4%
Syndrome dont souffrait l’anglais Joseph Merrick, qui était surtout connu sous le nom d’Elephant Man. Syndrome de Protée
1%
Aucun quiz correspondant
Distribution des résultats
% des personnes avec chaque résultat
Percentile par nombre de réponses
Votre historique - résultats
Vous n’avez pas pris ce quiz